Jeux vidéo par images - Statistiques

Statistiques générales
  • Ce quiz a été pris 1 168 fois
  • Le résultat moyen est 9 sur 16
Statistiques - réponses
Par images Réponse % Correct
Fortnite
95%
Rocket league
87%
GTA
82%
God of war
76%
Overwatch
74%
Apex
73%
Valorant
70%
Uncharted
57%
Warzone
53%
FIFA 24
47%
Forza horizon 5
35%
Counter strike
34%
Rayman legends
33%
Battlefront 2
25%
F1 2023
15%
Batman arkham knight
13%
Aucun quiz correspondant
Distribution des résultats
% des personnes avec chaque résultat
Percentile par nombre de réponses
Votre historique - résultats
Vous n’avez pas pris ce quiz